Actors That Have Worked with Morgan Freeman - Statistics

General Stats
  • This quiz has been taken 81 times
    52 since last reset
  • The average score is 25 of 99
Answer Stats
Movies Actor % Correct
Seven Brad Pitt
76%
Batman Trilogy Christian Bale
76%
Million Dollar Baby Clint Eastwood
76%
Million Dollar Baby Hilary Swank
72%
Invictus Scott Eastwood
72%
The Shawshank Redemption Tim Robbins
66%
Bruce Almighty Jim Carrey
62%
Ted 2 Mark Wahlberg
62%
The Sum of All Fears Ben Affleck
59%
Wanted Angelina Jolie
55%
Amistad Anthony Hopkins
55%
Lucky Number Slevin, RED Bruce Willis
55%
Gone Baby Gone Casey Affleck
55%
Invictus Matt Damon
55%
Seven Gwyneth Paltrow
52%
The Bucket List Jack Nicholson
52%
Olympus & London Has Fallen Gerard Butler
48%
RED, The Nutcracker and the Four Realms Helen Mirren
48%
Transcendence Johnny Depp
45%
Seven Kevin Spacey
45%
Batman Trilogy, Going in Style, Now You See Me 1 and 2 Michael Caine
45%
Batman Trilogy Gary Oldman
41%
Last Vegas Robert De Niro
41%
The Dark Knight Rises Anne Hathaway
38%
The Hitman's Wife's Bodyguard Samuel L. Jackson
38%
Now You See Me 1 and 2 Woody Harrelson
38%
Hard Rain Christian Slater
34%
Glory Denzel Washington
34%
Under Suspicion, Unforgiven Gene Hackman
34%
Batman Begins, Ted 2, The Lego Movie Liam Neeson
34%
Clean and Sober Michael Keaton
34%
Oblivion Tom Cruise
34%
The Dark Knight Maggie Gyllenhaal
31%
Last Vegas Michael Douglas
31%
The Dark Knight Tom Hardy
31%
Going in Style Alan Arkin
28%
The Lego Movie, Wanted Chris Pratt
28%
Now You See Me 2 Daniel Radcliffe
28%
Now You See Me 1 and 2 Jesse Eisenberg
28%
Amistad Matthew McConaughey
28%
Robin Hood Prince of Thieves Alan Rickman
24%
Wanted James McAvoy
24%
Evan Almighty John Goodman
24%
RED John Malkovich
24%
London Has Fallen, Nurse Betty, Olympus has Fallen, The Dark Knight Aaron Eckhart
21%
Million Dollar Baby Anthony Mackie
21%
Nurse Betty Chris Rock
21%
Batman Trilogy, Transcendence Cillian Murphy
21%
Outbreak Cuba Gooding Jr.
21%
Outbreak Donald Sutherland
21%
Deep Impact Elijah Wood
21%
Now You See Me Isla Fisher
21%
An Unfinished Life Jennifer Lopez
21%
The Poison Rose John Travolta
21%
The Nutcracker and the Four Realms Keira Knightley
21%
An Unfinished Life Robert Redford
21%
The Hitman's Wife's Bodyguard, Thick as Thieves Antonio Banderas
17%
Street Smart Christopher Reeve
17%
Now You See Me 1 and 2, The Lego Movie Dave Franco
17%
Angel Has Fallen Jada Pinkett Smith
17%
The Dark Knight Rises Joseph Gordon Levitt
17%
The Big Bounce Owen Wilson
17%
Lucky Number Slevin Ben Kingsley
14%
Chain Reaction, Kiss the Girls, RED Brian Cox
14%
Amistad Djimon Hounsou
14%
Now You See Me 1 and 2 Mark Ruffalo
14%
Thick as Thieves Alec Baldwin
10%
Going in Style Christopher Lloyd
10%
The Maiden Heist Christopher Walken
10%
Unleashed Jet Li
10%
The Contract John Cusack
10%
Chain Reaction Keanu Reeves
10%
Hard Rain Minnie Driver
10%
Hard Rain Betty White
7%
The Shawshank Redemption Clancy Brown
7%
Going in Style, The Magic of Belle Isle Kenan Thompson
7%
Levity Kirsten Dunst
7%
Lucky Number Slevin Lucy Liu
7%
Million Dollar Baby Michael Pena
7%
Lucy Scarlett Johannson
7%
Lucky Number Slevin Stanley Tucci
7%
The Lego Movie Alison Brie
3%
Robin Hood Prince of Thieves Brian Blessed
3%
Nurse Betty Crispin Glover
3%
The Power Of One Daniel Craig
3%
Johnny Handsome Forest Whitaker
3%
Now You See Me 2 Lizzy Caplan
3%
Going in Style Matt Dillon
3%
Oblivion Olga Kurylenko
3%
The Lego Movie Will Ferrell
3%
The Poison Rose Brendan Fraser
0%
The Lego Movie Cobie Smulders
0%
Ted 2 John Carroll Lynch
0%
Edison LL Cool J
0%
Million Dollar Baby Mike Colter
0%
Transcendence Paul Bettany
0%
Olympus & London Has Fallen, Thick as Thieves Robert Forster
0%
Amistad Stellan Skarsgard
0%
Evan Almighty Wanda Skyes
0%
No matching quizzes found
Score Distribution
Percent of People with Each Score
Percentile by Number Answered
Your Score History
You have not taken this quiz since the last reset